000 00339 a2200157 4500
001 76011
020 _a9788565141215
040 _cAnchieta - Colégio São Paulo
100 _aWanner, Letícia
240 1 0 _aA bailarina
_lpor
245 1 0 _aA bailarina
300 _a29
362 0 _a2018
650 4 _aLiteratura infantil
942 _cBK
999 _c76011
_d76011